Cấu tạo từ tiếng Anh = Word fomation

Spremljeno u:
Bibliografski detalji
Format: Knjiga
Jezik:Undetermined
Izdano: Thành Phố Hồ Chí Minh Nhà xuất bản Thành Phố Hồ Chí Minh 2007
Teme:
Oznake: Dodaj oznaku
Bez oznaka, Budi prvi tko označuje ovaj zapis!
Thư viện lưu trữ: Trung tâm Học liệu Trường Đại học Cần Thơ
LEADER 00642nam a2200193Ia 4500
001 CTU_128756
008 210402s9999 xx 000 0 und d
020 |c 42000 
082 |a 425 
082 |b C125 
245 0 |a Cấu tạo từ tiếng Anh = Word fomation 
245 0 |c Nguyễn Thành Yến (dịch và chú giải) 
260 |a Thành Phố Hồ Chí Minh 
260 |b Nhà xuất bản Thành Phố Hồ Chí Minh 
260 |c 2007 
650 |a English language,English language 
650 |x Grammar,Word formation 
904 |i Tuyến 
980 |a Trung tâm Học liệu Trường Đại học Cần Thơ